Môi trường

Tài liệu đề cập đến những nội dung chính cơ bản về môi trường trong những điều kiện cụ thể môi trường nước, đất, đô thị, rừng,... Đồng thời cũng đề ra những biện pháp nhằm khắc phục tình trạng ô nhiễm môi trường....

وصف كامل

محفوظ في:
التفاصيل البيبلوغرافية
المؤلف الرئيسي: Lê, Huy Bá
التنسيق: كتاب
اللغة:Undetermined
منشور في: Thành phố Hồ Chí Minh Đại học Quốc gia Thành phố Hồ Chí Minh 2000
الموضوعات:
الوسوم: إضافة وسم
لا توجد وسوم, كن أول من يضع وسما على هذه التسجيلة!
Thư viện lưu trữ: Trung tâm Học liệu Trường Đại học Cần Thơ
LEADER 01028nam a2200229Ia 4500
001 CTU_45469
008 210402s9999 xx 000 0 und d
082 |a 363.739 
082 |b B100 
100 |a Lê, Huy Bá 
245 0 |a Môi trường 
245 0 |c Lê Huy Bá 
260 |a Thành phố Hồ Chí Minh 
260 |b Đại học Quốc gia Thành phố Hồ Chí Minh 
260 |c 2000 
520 |a Tài liệu đề cập đến những nội dung chính cơ bản về môi trường trong những điều kiện cụ thể môi trường nước, đất, đô thị, rừng,... Đồng thời cũng đề ra những biện pháp nhằm khắc phục tình trạng ô nhiễm môi trường. 
526 |a Đánh giá chất lượng môi trường 
526 |b MT919 
650 |a Pollution 
650 |x Environmental aspects 
904 |i Q. Hieu 
980 |a Trung tâm Học liệu Trường Đại học Cần Thơ